Holiday Quiz

Random Holiday or Biography Quiz
Score 0/20 Timer 06:00
0 Plays Today
% Correct
86.3%
84.7%
82.1%
81.9%
81.1%
77.2%
74.7%
During the 'March on Washington'
73.4%
73.3%
70.5%
% Correct
68.2%
He was a Baptist minister
63.9%
Since 1986
63.6%
61.3%
By James Earl Ray
52.3%
On the third Monday
48.3%
Another one is Washington's Birthday
43.7%
1929; Atlanta
43.6%
Malcolm X said that
39.6%
Grammy award
33.9%
Remove Ads.
Support Sporcle.
Get the best of Sporcle when you Go Orange. This ad-free experience offers more features, more stats, and more fun while also helping to support Sporcle. Thank you for becoming a member.

You're not logged in!

Compare scores with friends on all Sporcle quizzes.
OR
Log In

Show Comments

Extras

Top Quizzes Today


Score Distribution

Your Account Isn't Verified!

In order to create a playlist on Sporcle, you need to verify the email address you used during registration. Go to your Sporcle Settings to finish the process.

Report this User

Report this user for behavior that violates our Community Guidelines.

Details: